Land vs. Land #105 - Statistiken

Allgemein
  • Dieses Quiz wurde 16 mal gespielt
  • Das Durchschnittsergebnis liegt bei 13 aus 14
Antwortstatistiken
Frage Antwort % Korrekt
...Fläche? Israel🇮🇱
100%
...Einwohner? Israel🇮🇱
100%
...Bruttoinlandsprodukt? Israel🇮🇱
100%
...Militär? Israel🇮🇱
100%
...Lebenserwartung? Israel🇮🇱
100%
...durchschnittlicher IQ? Israel🇮🇱
100%
...Exportmengen? Israel🇮🇱
100%
...Gewinner? Israel🇮🇱
100%
...Bruttoinlandsprodukt pro Kopf? Israel🇮🇱
93%
...Tourismus? Israel🇮🇱
93%
...HDI (Human Development Index)? Israel🇮🇱
93%
...Gesundheitswesen? Israel🇮🇱
93%
...Happy Planet Index? Israel🇮🇱
60%
...Frieden? Israel🇮🇱
27%
Keine übereinstimmenden Quizze gefunden
Verteilung der Resultate
Anzahl Personen mit jedem Resultat
Perzentil nach korrekt beantworteten Fragen
Ihre Resultats-Entwicklung
Sie haben dieses Quiz noch nicht gespielt